• 首页
  • 本馆介绍
  • 公告通知
  • 最新文献
  • 馆藏检索
  • 电子资源
  • 读者导购
  • 参考咨询
  • 我的图书馆
  • 登录
  • 详细信息显示
  • 放入我的书架
  • 预约/预借图书
  • 作者相关作品
  • 分类相关作品
  • 丛书相关作品
  • 出版社相关作品

书目信息

  • 表格格式
  • 工作单格式
  • 卡片格式
题名:
测度值分枝过程引论
    
 
作者: 赵学雷 著
分册:  
出版信息: 北京   科学出版社  2000
页数: 289页
开本: 20cm
丛书名: 当代数学园地
单 册:
中图分类: O174.12
科图分类:
主题词: 数学分析
电子资源:
ISBN: 7-03-007422-X
000 00675nam0 2200229 45
001 0206181527
005 20031219104056.7
010    @a7-03-007422-X@dCNY19.00
100    @a20020618d2000 km y0chiy0120 ea
101 0  @achi
105    @a z 000yy
200 1  @a测度值分枝过程引论@ACe Du Zhi Fen Zhi Guo Cheng Yin Lun@f赵学雷著@FZhao Xue Lei Zhu
210    @a北京@c科学出版社@d2000
215    @a289页@d20cm
225    @a当代数学园地@v8@f姜伯驹主编
410    @12001 @a当代数学园地
410    @1700 0@a姜伯驹@AJiang Bo Ju@4主编
606 0  @a数学分析
690    @aO174.12@v4
701  0 @a赵学雷@4著
801    @aCN@bTSTC@c20020618
905    @b312284-288@dO174.12@e115@f5
    
    测度值分枝过程引论/赵学雷著.-北京:科学出版社,2000
    289页;20cm.-(当代数学园地;8/姜伯驹主编)
    
    
    ISBN 7-03-007422-X:CNY19.00
    
●
相关链接 在E读中查询图书 在五车中查询图书 在当当中查询图书 在豆瓣中查询图书


正题名:测度值分枝过程引论     索取号:O174.12/115         预约/预借

序号 登录号 条形码 馆藏地/架位号 状态 备注
1 0312284   203122842   第三借阅区/ [索取号:O174.12/115] 在馆    
2 0312285   203122851   第三借阅区/ [索取号:O174.12/115] 在馆    
3 0312286   203122860   第三借阅区/ [索取号:O174.12/115] 在馆    
4 0312287   203122879   第三借阅区/ [索取号:O174.12/115] 在馆    
5 0312288   203122888   第二样本阅览室/ [索取号:O174.12/115] 在馆    
唐山师范学院图书馆 欢迎您!
大连网信软件有限公司© 版权所有